Making the Global Economy Work for All (Revised).

This paper discusses principles and functions of the IMF. The IMF is a specialized agency of the United Nations system set up by treaty in 1945 to help promote the health of the world economy. Through its work, the IMF helps to keep the world economy running as smoothly as possible. Its work is aime...

Ausführliche Beschreibung

Bibliographische Detailangaben
Körperschaft: International Monetary Fund
Format: Zeitschrift
Sprache:English
Veröffentlicht: Washington, D.C. : International Monetary Fund, 2004.
Schriftenreihe:Pamphlet Series; Pamphlet Series, No.
Schlagworte:
Online Zugang:Full text available on IMF
LEADER 02387cas a2200301 a 4500
001 AALejournalIMF010642
008 230101c9999 xx r poo 0 0eng d
020 |c 5.00 USD 
020 |z 9781451970661 
022 |a 0538-8759 
040 |a BD-DhAAL  |c BD-DhAAL 
110 2 |a International Monetary Fund. 
245 1 0 |a Making the Global Economy Work for All (Revised). 
264 1 |a Washington, D.C. :  |b International Monetary Fund,  |c 2004. 
300 |a 1 online resource (5 pages) 
490 1 |a Pamphlet Series 
500 |a <strong>Off-Campus Access:</strong> No User ID or Password Required 
500 |a <strong>On-Campus Access:</strong> No User ID or Password Required 
506 |a Electronic access restricted to authorized BRAC University faculty, staff and students 
520 3 |a This paper discusses principles and functions of the IMF. The IMF is a specialized agency of the United Nations system set up by treaty in 1945 to help promote the health of the world economy. Through its work, the IMF helps to keep the world economy running as smoothly as possible. Its work is aimed partly at the prevention of economic and financial crises, but it is also there to help countries out if such a crisis does occur. Member countries provide money (known as quota subscriptions) to the IMF. The IMF can lend from this pool to members in financial difficulty. Quotas, which are based mainly on countries' economic size, determine countries' voting power in the IMF and the limits to what they can borrow. The IMF and World Bank are jointly engaged in an initiative designed to help heavily indebted poor countries (HIPC) cut their debt burdens. Under the HIPC Initiative, debt-reduction is provided to support, policies that promote economic growth and poverty reduction. Policies to reduce poverty need to be supported not only by debt relief, but also by increased aid flows from the 'richer countries and' by improved access for developing countries to industrial countries' export markets. 
538 |a Mode of access: Internet 
650 7 |a IMF Borrower  |2 imf 
650 7 |a IMF's Job  |2 imf 
650 7 |a IMF's Purpose  |2 imf 
650 7 |a IMF's Work  |2 imf 
650 7 |a PAM  |2 imf 
830 0 |a Pamphlet Series; Pamphlet Series, No. 
856 4 0 |z Full text available on IMF  |u http://elibrary.imf.org/view/books/054/15760-9781451970661-en/15760-9781451970661-en-book.xml  |z IMF e-Library